00663nam a2200205Ia 4500008004100000020001700041040001400058082002000072100002500092245004800117260003800165300001300203365002600216366000800242505002000250620006400270630004800334650002700382730004800409100315s9999 xx 000 0 und d a0743408853  cENGLISH  b4532 a158.1  a"Covey, Stephen R. " aThe Seven Habits of Highly Effective People aLondon bPocket Books  c1999  a358p.   eRupees d1 b0.00  f0  gTushar Jadhav  a"Paradigms & Principles, Private Victory, Public Victory " aThe Seven Habits of Highly Effective People aPersonal Improvement  aThe Seven Habits of Highly Effective People